Những mẫu nhà xinh

Wedi'i Gadw mewn:
Manylion Llyfryddiaeth
Prif Awdur: Thủy Ngọc Tuân
Fformat: Llyfr
Iaith:Undetermined
Cyhoeddwyd: H. Thống Kê 2003
Pynciau:
Tagiau: Ychwanegu Tag
Dim Tagiau, Byddwch y cyntaf i dagio'r cofnod hwn!
Thư viện lưu trữ: Trung tâm Học liệu Trường Đại học Cần Thơ
LEADER 00544nam a2200205Ia 4500
001 CTU_58825
008 210402s9999 xx 000 0 und d
020 |b 46000 
082 |a 720.22 
082 |b T502 
100 |a Thủy Ngọc Tuân 
245 0 |a Những mẫu nhà xinh 
245 0 |c Thủy Ngọc Tuân 
260 |a H. 
260 |b Thống Kê 
260 |c 2003 
650 |a architecture,architectural models 
650 |x design and plans 
904 |i Minh 
980 |a Trung tâm Học liệu Trường Đại học Cần Thơ